Statistics for Country Names Same in German

Click here to take the quiz!

General Stats

  • This quiz has been taken 53 times
  • The average score is 55 of 81

Answer Stats

Country% Correct
Japan
95%
China
92%
Uruguay
87%
Peru
87%
Andorra
87%
Paraguay
85%
Iran
85%
Angola
82%
Belize
82%
Chile
82%
Afghanistan
79%
Haiti
79%
Pakistan
79%
Monaco
79%
Honduras
79%
Vietnam
79%
Costa Rica
79%
Namibia
77%
Niger
77%
Senegal
77%
Togo
77%
Guatemala
77%
Israel
74%
Guyana
74%
Nigeria
74%
Nicaragua
74%
Laos
72%
Benin
72%
Venezuela
72%
El Salvador
72%
Liechtenstein
72%
Panama
72%
Thailand
69%
Bahamas
69%
Palau
69%
San Marino
69%
Ecuador
69%
Sri Lanka
69%
Tonga
69%
Grenada
69%
Suriname
69%
Kuwait
67%
Vanuatu
67%
Sierra Leone
67%
Oman
67%
Gambia
67%
Bhutan
67%
Nauru
64%
Taiwan
64%
Ghana
64%
Brunei
64%
Malta
62%
Mali
62%
Botswana
62%
Eritrea
62%
Guinea
62%
Somalia
62%
Tuvalu
62%
Turkmenistan
62%
Nepal
59%
Guinea-Bissau
59%
Burundi
59%
Portugal
59%
Kiribati
59%
Barbados
59%
Lesotho
59%
Liberia
59%
Malawi
59%
Mauritius
59%
Uganda
56%
Malaysia
56%
Sudan
56%
Myanmar
56%
Samoa
54%
Bahrain
54%
Ukraine
54%
Kosovo
54%
Dominica
54%
Burkina Faso
49%
St. Lucia
41%
Montenegro
36%

Score Distribution

Percentile by Number Answered

Percent of People with Each Score

Your Score History

You have not taken this quiz